000
00245nam a2200109Ia 4500
008
220204s9999 xx 000 0 und d
082
_a
82-3
_b
STE
100
_a
Stevenson, R L
245
0
_a
Kidnapped
260
_a
New delhi
_b
S Chand
942
_c
BK
999
_c
35521
_d
35521